One Piece Red-Toutes les chansons d'Uta (en français) - Statistiques

Statistiques générales
  • Ce quiz a été pris 33 fois
  • Le résultat moyen est 5 sur 7
Statistiques - réponses
Chansons d'Uta % Correct
Tot Musica
89%
Nouvelle ère
86%
Je suis la plus forte
64%
Ou va le vent
64%
A contre-jour
54%
La berceuse éphémère
54%
Le monde d'après
54%
Aucun quiz correspondant
Distribution des résultats
% des personnes avec chaque résultat
Percentile par nombre de réponses
Votre historique - résultats
Vous n’avez pas pris ce quiz